000 00415nam a22001577a 4500
003 OSt
005 20211111082509.0
008 211111b |||||||| |||| 00| 0 eng d
020 _a9780314184159
040 _aHU
_cDDC
082 _a346.7308
245 _aREGULATION OF BANK FINANCIAL SERVICE ACTIVIES CASES AND MATERIALS
260 _aWEST
_bTHOMSON
_c2008
300 _aXXXVII,975P,30CM
942 _2ddc
_cBOOKS
_n0
999 _c17602
_d17602